000 00441nam a2200157 4500
001 114297
003 ES-MaACL
005 20230906190124.0
007 t|
008 061121s1962 sp r ||||1| spa d
100 1 _aOrtiz, Florencia.
_987557
245 1 0 _aVidas ejemplares Santa Mónica /
_cFlorencia Ortiz.
260 _aMadrid :
_bApostolado de la Prensa,
_c1962.
300 _a111 p. ;
_c16 cm.
852 _aES-MaACL
_jC-22307
_bR.50665
999 _c114297
_d114297